[Event "Women's Speed Chess Q1"]
[Site "chess.com INT"]
[Date "2021.05.28"]
[Round "6"]
[White "Pujari, Rucha"]
[Black "Zhou, Qiyu"]
[Result "1-0"]
[WhiteTitle "WIM"]
[BlackTitle "FM"]
[WhiteElo "2244"]
[BlackElo "2229"]
[WhiteFideId "5024528"]
[BlackFideId "505161"]
[EventDate "2021.05.28"]

1. d4 Nf6 2. c4 e6 3. Nf3 b6 4. g3 Ba6 5. b3 Bb4+ 6. Bd2 Be7 7. Bg2 d5 8. O-O
O-O 9. Ne5 c6 10. Bf4 Nfd7 11. Qc2 Nxe5 12. dxe5 Nd7 13. Nd2 Bg5 14. Nf3 Bxf4
15. gxf4 Qe7 16. Rac1 h6 17. Rfd1 Rac8 18. e3 Nc5 19. Nd4 Bb7 20. b4 Nd7 21. c5
Rfd8 22. Kh1 Nf8 23. Rg1 Kh8 24. Bh3 Nh7 25. Rg3 g6 26. Bf1 b5 27. Bd3 Rg8 28.
Rcg1 Ra8 29. a4 a6 30. a5 Rac8 31. f3 Rc7 32. Qg2 Bc8 33. Qh3 Qf8 34. Qh4 Bd7
35. Rh3 h5 36. Rhg3 Qh6 37. Qe7 Qf8 38. Qd6 Qxd6 39. cxd6 Rcc8 40. Rc1 Rge8 41.
Nb3 Kg7 42. Nc5 Red8 43. Nxa6 Ra8 44. Nc5 Rac8 45. Rg2 Nf8 46. Rgc2 Ra8 47. Nxd7
Nxd7 48. Rxc6 1-0

[Event "Women's Speed Chess Q1"]
[Site "chess.com INT"]
[Date "2021.05.28"]
[Round "6"]
[White "Vo, Thi Kim Phung"]
[Black "Nomin-Erdene, Davaademberel"]
[Result "1-0"]
[WhiteTitle "WGM"]
[BlackTitle "IM"]
[WhiteElo "2335"]
[BlackElo "2382"]
[WhiteFideId "12401838"]
[BlackFideId "4900782"]
[EventDate "2021.05.28"]

1. d4 f5 2. c4 Nf6 3. Nc3 g6 4. Nf3 Bg7 5. g3 O-O 6. Bg2 d6 7. O-O c6 8. d5 e5
9. dxe6 Bxe6 10. Bf4 Bxc4 11. Bxd6 Re8 12. Rc1 Na6 13. b3 Be6 14. Be5 Nb4 15.
Qd4 Qxd4 16. Nxd4 Bf7 17. Nf3 Rad8 18. a3 Nbd5 19. Na4 Re7 20. e3 Nb6 21. Nc5
Bd5 22. Bd4 Ne4 23. b4 Nc4 24. a4 b6 25. Nd3 h6 26. Nf4 g5 27. Nxd5 cxd5 28.
Bxg7 Kxg7 29. Nd4 Rf8 30. Rfd1 f4 31. exf4 gxf4 32. Nc6 Re6 33. Rxd5 Ncd6 34.
Re5 Rxe5 35. Nxe5 fxg3 36. fxg3 Re8 37. Rc7+ Kf6 38. Nd3 Ng5 39. h4 Nge4 40. Kh2
Nf5 41. Rc6+ Kg7 42. Nf4 Kh7 43. Nh5 1-0

[Event "Women's Speed Chess Q1"]
[Site "chess.com INT"]
[Date "2021.05.28"]
[Round "6"]
[White "Vaishali, R"]
[Black "Shuvalova, Polina"]
[Result "1-0"]
[WhiteTitle "WGM"]
[BlackTitle "IM"]
[WhiteElo "2393"]
[BlackElo "2484"]
[WhiteFideId "5091756"]
[BlackFideId "24171760"]
[EventDate "2021.05.28"]

1. e4 c5 2. Nf3 d6 3. d4 cxd4 4. Nxd4 Nf6 5. Nc3 a6 6. f4 e5 7. Nf3 Nc6 8. fxe5
Nxe5 9. Nxe5 dxe5 10. Qxd8+ Kxd8 11. Bg5 Be6 12. O-O-O+ Kc7 13. Be2 Bb4 14. Bxf6
gxf6 15. Nd5+ Bxd5 16. Rxd5 Rad8 17. Bc4 Rxd5 18. Bxd5 h5 19. Rf1 Be7 20. Kd2 h4
21. Ke3 Rg8 22. Kf3 Rg7 23. a4 a5 24. Rd1 Bc5 25. c3 Kb6 26. Bc4 Kc7 27. Bb5 Bd6
28. Be8 Rh7 29. Rd5 b6 30. Rd1 Rg7 31. Bb5 Rg8 32. Bc4 Rg7 33. Rb1 Rg5 34. Bxf7
f5 35. Bd5 fxe4+ 36. Bxe4 Rg8 37. b4 Rf8+ 38. Ke3 Kd7 39. Rd1 Ke7 40. bxa5 Bc5+
41. Ke2 Rf4 42. Kd3 bxa5 43. Re1 Kd6 44. Kc4 Bb6 45. Kb5 Bc7 46. Re2 Rf1 47.
Rd2+ Ke7 48. Kc6 Bb8 49. Rd7+ Ke8 50. Rb7 1-0

[Event "Women's Speed Chess Q1"]
[Site "chess.com INT"]
[Date "2021.05.28"]
[Round "6"]
[White "Antova, Gabriela"]
[Black "Paehtz, Elisabeth"]
[Result "0-1"]
[WhiteTitle "FM"]
[BlackTitle "IM"]
[WhiteElo "2250"]
[BlackElo "2456"]
[WhiteFideId "2915235"]
[BlackFideId "4641833"]
[EventDate "2021.05.28"]

1. d4 e6 2. c4 b6 3. Nf3 Bb7 4. a3 f5 5. d5 Na6 6. b4 Qf6 7. Ra2 e5 8. Bg5 Qg6
9. h4 d6 10. Qa4+ c6 11. dxc6 Bc8 12. c7+ Kf7 13. Qc6 Qe6 14. Nbd2 e4 15. Nd4
Qe5 16. e3 Nxc7 17. Qxc7+ Ne7 18. Bxe7 Bxe7 19. Nc6 Qf6 20. Qxe7+ Qxe7 21. Nxe7
Kxe7 22. f3 Be6 23. Rc2 a5 24. fxe4 axb4 25. axb4 Ra1+ 26. Kf2 fxe4 27. g3 Rf8+
28. Kg2 Bg4 29. Rg1 Rd1 30. c5 bxc5 31. bxc5 dxc5 32. Bc4 Bh3+ 33. Kxh3 Rxg1 34.
Nxe4 h5 35. Kh2 Re1 36. Nxc5 Rxe3 37. Bd5 Rf5 38. Bg2 g5 39. Ne4 gxh4 40. gxh4
Rf4 41. Rc5 Rxh4+ 42. Kg1 Rg4 43. Kf1 h4 44. Rh5 Rf4+ 45. Kg1 h3 46. Rxh3 Rxh3
47. Bxh3 Rxe4 48. Bg2 Re2 49. Kf1 Rb2 50. Bf3 Kf6 51. Bg2 Ke5 52. Kg1 Kf4 53.
Kf1 Ke3 54. Bd5 Rd2 55. Bc4 Rf2+ 56. Ke1 Rc2 57. Bb3 Rc1+ 58. Bd1 Ra1 0-1

[Event "Women's Speed Chess Q1"]
[Site "chess.com INT"]
[Date "2021.05.28"]
[Round "6"]
[White "Petrova, Irina"]
[Black "Samaganova, Alexandra"]
[Result "0-1"]
[WhiteTitle "WIM"]
[BlackTitle "WFM"]
[WhiteElo "2110"]
[BlackElo "1993"]
[WhiteFideId "14124122"]
[BlackFideId "13800221"]
[EventDate "2021.05.28"]

1. e4 c5 2. Nf3 e6 3. c4 a6 4. Nc3 Qc7 5. Be2 Nf6 6. O-O d6 7. d4 cxd4 8. Nxd4
Be7 9. Be3 O-O 10. Qd2 Nbd7 11. Rfc1 b6 12. a4 Bb7 13. f3 Rac8 14. a5 bxa5 15.
Nb3 Qb8 16. Nxa5 Nc5 17. b4 Ncd7 18. b5 axb5 19. Nxb5 Nc5 20. Nxb7 Nxb7 21. Ba7
Qa8 22. Bb6 Qb8 23. Na7 Nd7 24. Nxc8 Rxc8 25. Be3 Nbc5 26. Rcb1 Qc7 27. Qa5 Qc6
28. Bxc5 Nxc5 29. Qb6 Qe8 30. Ra7 h6 31. h3 Bg5 32. Kh1 Bf4 33. Bf1 Rd8 34. Qc7
Bg5 35. Rba1 Qf8 36. Qa5 Bf6 37. Ra8 Nb3 38. Rxd8 Bxd8 39. Qa8 Nxa1 40. Qxa1 Bf6
41. Qb1 Be5 42. Qb5 Qe7 43. Kg1 Qh4 44. Qb8+ Kh7 45. Qe8 Qf6 46. Qd7 Qf4 47. Qe8
Qh2+ 48. Kf2 Qg3+ 49. Ke2 Qf4 50. Qd7 Bd4 51. Qe7 Qe3+ 52. Kd1 Bc3 0-1

[Event "Women's Speed Chess Q1"]
[Site "chess.com INT"]
[Date "2021.05.28"]
[Round "6"]
[White "Nikolova, Adriana"]
[Black "Mahalakshmi, M"]
[Result "0-1"]
[WhiteTitle "WGM"]
[BlackTitle "WIM"]
[WhiteElo "2243"]
[BlackElo "2253"]
[WhiteFideId "2908689"]
[BlackFideId "5001080"]
[EventDate "2021.05.28"]

1. d4 Nf6 2. Bf4 b6 3. e3 Bb7 4. Nf3 g6 5. h3 Bg7 6. c4 Ne4 7. Be2 d6 8. O-O Nd7
9. Qc2 O-O 10. Nc3 Nxc3 11. Qxc3 e5 12. Bh2 Qe7 13. Rfe1 f5 14. Rad1 Kh8 15. Qc2
Rae8 16. b4 Bxf3 17. gxf3 exd4 18. exd4 Qh4 19. f4 Qxh3 20. Bg3 Nf6 21. Bf1 Qg4
22. Be2 Qh3 23. Bf1 Qh6 24. Bg2 Nh5 25. Qd2 Nxg3 26. fxg3 Bf6 27. Bc6 Rxe1+ 28.
Rxe1 Qh3 29. Kf2 Qh2+ 30. Bg2 Qh6 31. Re6 Qg7 32. d5 Bd4+ 33. Kf1 Bf6 34. Qe2
Rf7 35. Re8+ Rf8 36. Re6 Rf7 37. Kf2 Re7 38. Kf3 Qf7 39. Bf1 Kg7 40. Qe3 Kf8 41.
Bd3 Ke8 42. Be2 Kd7 43. c5 Rxe6 44. Bb5+ Ke7 45. dxe6 Qxe6 46. cxd6+ cxd6 47.
Qd3 Qxa2 48. Qd5 Qxd5+ 49. Kf2 Qd2+ 50. Kg1 Qxb4 51. Be2 Qe1+ 52. Bf1 Bd4+ 53.
Kg2 Qf2+ 54. Kh3 Qxf1+ 55. Kh4 Qh1+ 56. Kg5 Qh5# 0-1

[Event "Women's Speed Chess Q1"]
[Site "chess.com INT"]
[Date "2021.05.28"]
[Round "6"]
[White "Nguyen, Thi Thanh An"]
[Black "Ambartsumova, Karina"]
[Result "1/2-1/2"]
[WhiteTitle "WGM"]
[BlackTitle "IM"]
[WhiteElo "2259"]
[BlackElo "2382"]
[WhiteFideId "12400300"]
[BlackFideId "4166299"]
[EventDate "2021.05.28"]

1. d4 Nf6 2. Bf4 d5 3. e3 e6 4. Nf3 c5 5. c3 Nc6 6. Nbd2 cxd4 7. exd4 Nh5 8. Be3
Bd6 9. Bd3 f5 10. Ne5 g6 11. Ndf3 O-O 12. Bh6 Re8 13. Qc1 Qf6 14. Bg5 Qg7 15.
Bh6 Qf6 16. Bg5 Qh8 17. Nxc6 bxc6 18. h3 f4 19. Qd2 Qg7 20. O-O-O h6 21. g4 fxg3
22. Bxh6 Qf6 23. Ne5 gxf2 24. Bg5 Qg7 25. Bxg6 Bxe5 26. Bxh5 Rf8 27. dxe5 Rf5
28. h4 Qxe5 29. Rhf1 Qg3 30. Qe3 Qxe3+ 31. Bxe3 Rxh5 32. Rxf2 Rf5 33. Rg1+ Kf7
34. Rfg2 Ke7 35. Bc5+ Kf6 36. Rg6+ Ke5 37. Re1+ Kf4 38. Rf1+ Ke4 39. Rg4+ Ke5
40. Re1+ Kf6 41. Rg8 Bb7 42. Rxa8 Bxa8 43. Bxa7 Kf7 44. Bc5 Bb7 45. a4 Ba6 46.
b4 Bc4 47. a5 Rf3 48. Bd4 Rh3 49. Kd2 Rxh4 50. Ke3 Rh3+ 51. Kf2 Rh5 52. Rg1 Rf5+
53. Ke3 e5 54. Bc5 Ke6 55. Rg6+ Rf6 56. Rxf6+ Kxf6 57. Kf2 Ke6 58. Ke3 Kd7 59.
Kf2 Ke6 60. Ke3 Kd7 61. Kf2 Ke6 1/2-1/2

[Event "Women's Speed Chess Q1"]
[Site "chess.com INT"]
[Date "2021.05.28"]
[Round "6"]
[White "Thipsay, Bagyashree Sathe"]
[Black "Hoshino, Karen"]
[Result "0-1"]
[WhiteTitle "WIM"]
[BlackTitle "WFM"]
[WhiteElo "2072"]
[BlackElo "1836"]
[WhiteFideId "5001013"]
[BlackFideId "2137984"]
[EventDate "2021.05.28"]

1. e4 c5 2. Nf3 d6 3. d4 cxd4 4. Nxd4 Nf6 5. Nc3 a6 6. Be2 e5 7. Nb3 Be7 8. O-O
O-O 9. Kh1 b5 10. a4 b4 11. Nd5 Nc6 12. f3 Bb7 13. a5 Nxd5 14. exd5 Na7 15. Be3
Bg5 16. Bb6 Qd7 17. c4 bxc3 18. bxc3 Rfc8 19. c4 Bd8 20. Bd3 Rcb8 21. Bf2 Bc8
22. Qc2 g6 23. c5 dxc5 24. Nxc5 Qxd5 25. Be4 Qd6 26. Rfd1 Qc7 27. Bxa8 Rxa8 28.
Qe4 Nc6 29. Rxd8+ Qxd8 30. Qxc6 Rb8 31. Ne4 Bb7 32. Qb6 Bxe4 33. Qxd8+ Rxd8 34.
fxe4 Rd2 35. Kg1 Re2 36. Re1 Ra2 37. Bb6 Kg7 38. Kf1 h5 39. Re2 Ra1+ 40. Kf2 g5
41. Bc7 f6 42. Rd2 Kg6 43. h3 Ra3 44. g3 Ra4 45. Re2 h4 46. gxh4 gxh4 47. Kf3
Kg5 48. Rg2+ Kh5 49. Re2 Ra3+ 50. Re3 Ra2 51. Bd8 Kg5 52. Rd3 Ra1 53. Bb6 f5 54.
exf5 Kxf5 55. Re3 Ra4 56. Bc7 e4+ 57. Kf2 Ra2+ 58. Re2 Ra3 59. Bb6 Rxh3 60. Be3
Rf3+ 61. Kg2 Kg4 62. Kh2 h3 63. Bb6 Rf4 64. Rf2 Rxf2+ 65. Bxf2 Kf3 66. Bb6 e3
67. Bxe3 Kxe3 68. Kxh3 Kd4 69. Kg4 Kc5 70. Kf5 Kb5 71. Ke6 Kxa5 72. Kd7 Kb4 73.
Kc6 a5 0-1

[Event "Women's Speed Chess Q1"]
[Site "chess.com INT"]
[Date "2021.05.28"]
[Round "6"]
[White "Buksa, Nataliya"]
[Black "Agrest, Inna"]
[Result "0-1"]
[WhiteTitle "IM"]
[BlackTitle "WIM"]
[WhiteElo "2414"]
[BlackElo "2285"]
[WhiteFideId "14123622"]
[BlackFideId "1708830"]
[EventDate "2021.05.28"]

1. e4 e5 2. Nf3 Nc6 3. Bc4 Nf6 4. Ng5 d5 5. exd5 Na5 6. Bb5+ Bd7 7. Bxd7+ Qxd7
8. d4 exd4 9. O-O Qxd5 10. Re1+ Be7 11. Bf4 Nc6 12. Nf3 O-O-O 13. Nbd2 Bc5 14.
a3 Bb6 15. b4 Qf5 16. Bg3 h5 17. Nc4 d3 18. Nxb6+ axb6 19. cxd3 Qxd3 20. Qa4 Kb8
21. Rac1 b5 22. Qc2 Qxc2 23. Rxc2 Rhe8 24. Rxe8 Rxe8 25. h3 Ne4 26. Bf4 f6 27.
h4 Rd8 28. Re2 Nc3 29. Re6 Nd5 30. Bg3 Kc8 31. Re1 Nc3 32. Re3 Nd5 33. Re1 Nc3
34. Kh2 Rd1 35. Re8+ Rd8 36. Re3 Nd5 37. Re6 Nb6 38. Re3 Nc4 39. Rc3 Rd1 40. a4
Nxb4 41. axb5 Nd6 42. Ra3 Nxb5 43. Ra8+ Kd7 44. Rg8 Kc6 45. Rxg7 Rd7 46. Rg6 Nd5
47. Nd4+ Nxd4 48. Rh6 Nf5 49. Rxh5 Nxg3 50. fxg3 b5 51. Rf5 b4 52. Rf3 Kc5 53.
h5 Kc4 54. g4 b3 55. h6 b2 56. Rf1 Rh7 57. Kg3 Rxh6 58. g5 fxg5 59. Kg4 Rb6 60.
Rb1 Nc3 61. Re1 b1=Q 62. Re3 Qd1+ 63. Kg3 Qd2 64. Rf3 Qd6+ 65. Kf2 Ne4+ 66. Kg1
Qd1+ 67. Rf1 Qf3 68. Rxf3 Rb1+ 69. Kh2 Kd4 70. Rf7 c5 71. Rd7+ Ke3 72. Kh3 c4
73. Rc7 c3 74. Kg4 Rc1 75. Kf5 Rf1+ 76. Ke5 Rf2 77. Rc4 Rf4 78. g3 Rg4 79. Rc8
Kd3 80. Rd8+ Ke2 81. Kf5 Nf2 82. Rc8 Kd2 83. Rd8+ Ke2 84. Rc8 Kd2 85. Rd8+ Kc2
86. Re8 Rxg3 87. Re2+ Kd1 88. Rxf2 c2 89. Rf1+ Kd2 90. Rf2+ Kd3 91. Rf1 Kd2 92.
Rf2+ Kc1 93. Rf1+ Kb2 94. Ke4 c1=Q 95. Rf2+ Qc2+ 96. Rxc2+ Kxc2 97. Kf5 Rg1 98.
Ke4 Kd2 99. Kf3 Ke1 100. Ke3 Kf1 101. Kf3 Rg2 102. Ke3 g4 103. Kf4 g3 104. Kf3
Kg1 105. Kg4 Kh2 106. Kf3 Rf2+ 107. Ke3 Rf8 108. Ke4 g2 109. Ke3 g1=Q+ 110. Ke4
Qe1+ 111. Kd3 Rd8+ 112. Kc2 Qd2+ 113. Kb3 Rb8+ 114. Ka3 Qb2+ 115. Ka4 Qb4# 0-1

[Event "Women's Speed Chess Q1"]
[Site "chess.com INT"]
[Date "2021.05.28"]
[Round "7"]
[White "Dworakowska, Joanna"]
[Black "February, Jesse Nikki"]
[Result "1-0"]
[WhiteTitle "IM"]
[BlackTitle "WIM"]
[WhiteElo "2322"]
[BlackElo "1824"]
[WhiteFideId "1107445"]
[BlackFideId "14312336"]
[EventDate "2021.05.28"]

1. e4 c6 2. Nc3 d5 3. Nf3 d4 4. Ne2 c5 5. Ng3 Nc6 6. Bc4 e6 7. a4 Bd6 8. d3 h6
9. Qe2 Nf6 10. e5 O-O 11. exf6 Qxf6 12. Ne4 Qe7 13. Nxd6 Qxd6 14. a5 Qc7 15. Bd2
Bd7 16. O-O e5 17. Rfe1 Rae8 18. Nh4 Kh8 19. Qh5 Qd6 20. Bxf7 Rxf7 21. Qxf7 Rf8
22. Ng6+ 1-0

[Event "Women's Speed Chess Q1"]
[Site "chess.com INT"]
[Date "2021.05.28"]
[Round "7"]
[White "Singgih, Diajeng Theresa"]
[Black "Starosta, Martyna"]
[Result "0-1"]
[WhiteTitle "WFM"]
[BlackTitle "WCM"]
[WhiteElo "1972"]
[BlackElo "1910"]
[WhiteFideId "7104391"]
[BlackFideId "21818754"]
[EventDate "2021.05.28"]

1. e4 e5 2. Nf3 Nc6 3. d4 exd4 4. Nxd4 Nf6 5. Nc3 Bb4 6. Nxc6 bxc6 7. e5 Qe7 8.
Qe2 Nd5 9. Bd2 Nxc3 10. bxc3 Ba5 11. g3 Rb8 12. Bg2 O-O 13. O-O d5 14. f4 Bxc3
15. Bxc3 Qc5+ 16. Kh1 Qxc3 17. f5 Bxf5 18. Rae1 Be6 19. Rf3 Qb2 20. h4 Bg4 0-1

[Event "Women's Speed Chess Q1"]
[Site "chess.com INT"]
[Date "2021.05.28"]
[Round "7"]
[White "Tokhirjonova, Gulrukhbegim"]
[Black "Klinova, Masha"]
[Result "1-0"]
[WhiteTitle "WGM"]
[BlackTitle "IM"]
[WhiteElo "2350"]
[BlackElo "2275"]
[WhiteFideId "14203626"]
[BlackFideId "2802015"]
[EventDate "2021.05.28"]

1. e4 d6 2. d4 Nf6 3. Nc3 e5 4. Nf3 Nbd7 5. Be2 Be7 6. Rg1 O-O 7. g4 d5 8. dxe5
Nxe4 9. Nxd5 Bc5 10. Be3 Bxe3 11. Nxe3 Qe7 12. Qd4 Nec5 13. Nf5 Qe6 14. Bc4 Qe8
15. O-O-O Ne6 16. Qe3 Nb6 17. Bb3 Bd7 18. Ng5 h6 19. Ne4 Kh7 20. Nxh6 Bc6 21.
Nf5 Bxe4 22. Qxe4 Qc6 23. Qe3 Nc4 24. Qh3+ Kg8 25. Ne7# 1-0

[Event "Women's Speed Chess Q1"]
[Site "chess.com INT"]
[Date "2021.05.28"]
[Round "7"]
[White "Grigoryan, Meri"]
[Black "Vine, Elzbieta"]
[Result "1-0"]
[WhiteTitle "WFM"]
[BlackTitle "WFM"]
[WhiteElo "2044"]
[BlackElo "2138"]
[WhiteFideId "13300571"]
[BlackFideId "1119320"]
[EventDate "2021.05.28"]

1. d4 d5 2. Nf3 Nf6 3. c3 c5 4. Bf4 Nc6 5. e3 c4 6. b3 b5 7. a4 Ba6 8. axb5 Bxb5
9. Na3 a6 10. bxc4 dxc4 11. Bxc4 Bxc4 12. Nxc4 e6 13. O-O Nd5 14. Qa4 Rc8 15.
Nce5 1-0

[Event "Women's Speed Chess Q1"]
[Site "chess.com INT"]
[Date "2021.05.28"]
[Round "7"]
[White "Mkrtchian, Lilit"]
[Black "Kulkarni, Bhakti"]
[Result "1/2-1/2"]
[WhiteTitle "IM"]
[BlackTitle "IM"]
[WhiteElo "2388"]
[BlackElo "2391"]
[WhiteFideId "13300601"]
[BlackFideId "5019516"]
[EventDate "2021.05.28"]

1. e4 d5 2. exd5 Nf6 3. Bb5+ Nbd7 4. c4 a6 5. Bxd7+ Bxd7 6. d4 e6 7. dxe6 Bxe6
8. d5 Bb4+ 9. Bd2 Bxd2+ 10. Nxd2 Bf5 11. Qe2+ Qe7 12. Qxe7+ Kxe7 13. Ngf3 b5 14.
O-O Rhb8 15. Nd4 Bd7 16. Rac1 bxc4 17. Nxc4 Nxd5 18. Ne5 Rxb2 19. Rfe1 Be6 20.
Nxf7 Kxf7 21. Nxe6 Re8 22. Ng5+ Kf8 23. Nxh7+ Kf7 24. Ng5+ Kf8 25. Nh7+ Kf7 26.
Ng5+ Kf8 27. Nh7+ 1/2-1/2

[Event "Women's Speed Chess Q1"]
[Site "chess.com INT"]
[Date "2021.05.28"]
[Round "7"]
[White "Zaksaite, Salomeja"]
[Black "Hoshino, Meilin"]
[Result "1-0"]
[WhiteTitle "WIM"]
[BlackTitle "WCM"]
[WhiteElo "2202"]
[BlackElo "1591"]
[WhiteFideId "12801496"]
[BlackFideId "7001690"]
[EventDate "2021.05.28"]

1. e4 c5 2. Nf3 Nc6 3. Bb5 g6 4. O-O Bg7 5. Re1 d6 6. h3 a6 7. Bf1 Nf6 8. c3 e5
9. d4 Nd7 10. Be3 b5 11. a4 Rb8 12. Na3 b4 13. Nc4 O-O 14. Nxd6 bxc3 15. bxc3
cxd4 16. cxd4 exd4 17. Nxd4 Bb7 18. Nxb7 Rxb7 19. Nxc6 Qf6 20. Rc1 Qe6 21. Qd5
Re8 22. Bxa6 Rb6 23. Bxb6 Nxb6 24. Qxe6 Rxe6 25. a5 Na8 26. Bc8 Re8 27. Bb7 Bb2
28. Rb1 Bc3 29. Rec1 Bd2 30. Rc2 Bg5 31. Bxa8 Rxa8 32. Rb8+ Rxb8 33. Nxb8 Kg7
34. a6 Bf4 35. a7 Bxb8 36. axb8=Q 1-0

[Event "Women's Speed Chess Q1"]
[Site "chess.com INT"]
[Date "2021.05.28"]
[Round "7"]
[White "Adam, Ernestina"]
[Black "Priyanka, K"]
[Result "0-1"]
[WhiteTitle "WCM"]
[BlackTitle "WIM"]
[WhiteElo "1354"]
[BlackElo "2218"]
[WhiteFideId "165883"]
[BlackFideId "5082986"]
[EventDate "2021.05.28"]

1. e4 c5 2. Nf3 d6 3. d4 cxd4 4. Nxd4 Nf6 5. Nc3 a6 6. f3 e5 7. Nb3 Be7 8. Be3
Be6 9. Qd2 O-O 10. O-O-O b5 11. g4 Nbd7 12. h4 b4 13. Nd5 Bxd5 14. exd5 a5 15.
h5 Nb6 16. Bxb6 Qxb6 17. g5 Nd7 18. g6 h6 19. gxf7+ Rxf7 20. Bh3 Bg5 21. Qxg5
hxg5 22. Be6 a4 23. Bxf7+ Kxf7 24. Nd2 Nf6 25. Rhg1 a3 26. b3 Qd4 27. Nc4 Qa1+
28. Kd2 Qc3+ 29. Kc1 Nxd5 30. Nxd6+ Ke6 31. Ne4 Qb2+ 32. Kd2 Rc8 33. Rc1 Qd4+
34. Ke2 Qe3+ 35. Kf1 Qxc1+ 36. Kg2 Rxc2+ 0-1

[Event "Women's Speed Chess Q1"]
[Site "chess.com INT"]
[Date "2021.05.28"]
[Round "7"]
[White "Franco Valencia, Angela"]
[Black "Varshini, V"]
[Result "0-1"]
[WhiteTitle "WIM"]
[BlackTitle "WGM"]
[WhiteElo "2089"]
[BlackElo "2226"]
[WhiteFideId "4403070"]
[BlackFideId "5091241"]
[EventDate "2021.05.28"]

1. e4 c5 2. Nf3 d6 3. d4 cxd4 4. Nxd4 Nf6 5. Nc3 a6 6. g3 e6 7. Bg2 Be7 8. a4
O-O 9. O-O Qc7 10. Kh1 Nc6 11. Nb3 b6 12. f4 Bb7 13. g4 d5 14. e5 Nd7 15. Qe2
Nc5 16. Bd2 Rfd8 17. Rae1 Nb4 18. Bc1 d4 19. Nxc5 Bxg2+ 20. Qxg2 Qxc5 21. Ne4
Qxc2 22. Re2 Qc6 23. f5 d3 24. Rd2 Rac8 25. h4 Rd4 26. Nf2 Qxg2+ 27. Kxg2 Bxh4
28. Kf3 Bxf2 29. Rdxf2 Rc2 30. f6 h6 31. Be3 Rd5 32. fxg7 Kxg7 33. Bxb6 Rxf2+
34. Kxf2 Kg6 35. Be3 Rxe5 36. Rh1 h5 37. Bd2 Re2+ 38. Kg3 Rxd2 39. gxh5+ Kh6 0-1

[Event "Women's Speed Chess Q1"]
[Site "chess.com INT"]
[Date "2021.05.28"]
[Round "7"]
[White "Balabayeva, Xeniya"]
[Black "Varney, Zoe"]
[Result "1-0"]
[WhiteTitle "WFM"]
[BlackTitle "WCM"]
[WhiteElo "2178"]
[BlackElo "1917"]
[WhiteFideId "13719688"]
[BlackFideId "436135"]
[EventDate "2021.05.28"]

1. e4 e5 2. Nf3 Nc6 3. Nc3 Nf6 4. Bb5 d6 5. d4 Bd7 6. Bg5 h6 7. Bxf6 gxf6 8. d5
Nb8 9. Bxd7+ Nxd7 10. Nh4 Nc5 11. Nf5 Rg8 12. Qf3 Qd7 13. g3 O-O-O 14. b4 Na6
15. a3 c6 16. dxc6 bxc6 17. Rd1 Nc7 18. O-O Qe6 19. b5 cxb5 20. Nd5 Nxd5 21.
Rxd5 a6 22. a4 b4 23. Qd3 Kb7 24. Rb1 a5 25. Qb5+ Kc8 26. Qc6+ Kb8 27. Rb5+ Ka7
28. Qb7# 1-0

[Event "Women's Speed Chess Q1"]
[Site "chess.com INT"]
[Date "2021.05.28"]
[Round "7"]
[White "Kabanova, Ekaterina"]
[Black "Tarasova, Viktoriya"]
[Result "1-0"]
[WhiteTitle "WFM"]
[BlackTitle "WIM"]
[WhiteElo "2138"]
[BlackElo "2226"]
[WhiteFideId "24112917"]
[BlackFideId "4175840"]
[EventDate "2021.05.28"]

1. c4 Nf6 2. Nf3 e6 3. e3 b6 4. Qc2 Bb7 5. Be2 d5 6. a3 Bd6 7. b4 dxc4 8. Bxc4
O-O 9. Bb2 Nbd7 10. h4 Rc8 11. Nc3 c5 12. b5 h6 13. O-O-O Ne5 14. Nxe5 Bxe5 15.
f4 Bd6 16. Rhg1 Nd5 17. Ne4 Be7 18. g4 a6 19. bxa6 Bc6 20. h5 b5 21. g5 hxg5 22.
Bxd5 Qxd5 23. Nxg5 Qc4 24. Bc3 f5 25. Nxe6 Rf7 26. Nxg7 Be4 27. d3 1-0

[Event "Women's Speed Chess Q1"]
[Site "chess.com INT"]
[Date "2021.05.28"]
[Round "7"]
[White "Nomin-Erdene, Davaademberel"]
[Black "Cori T., Deysi"]
[Result "1-0"]
[WhiteTitle "IM"]
[BlackTitle "WGM"]
[WhiteElo "2382"]
[BlackElo "2388"]
[WhiteFideId "4900782"]
[BlackFideId "3801934"]
[EventDate "2021.05.28"]

1. f4 b6 2. Nf3 Bb7 3. e3 c5 4. g3 e6 5. Bg2 Be7 6. O-O d5 7. d3 Nd7 8. Nc3 h6
9. e4 dxe4 10. dxe4 Ngf6 11. Qe2 Qc7 12. Rd1 O-O-O 13. e5 Nd5 14. Nb5 Qb8 15. c4
Nb4 16. a3 Nc6 17. Be3 a6 18. Nd6+ Bxd6 19. Rxd6 Ne7 20. Bf2 Nf5 21. Rd2 g5 22.
b4 gxf4 23. Rad1 fxg3 24. hxg3 Rhg8 25. bxc5 Nxg3 26. Bxg3 Rxg3 27. Qf2 Rdg8 28.
Rxd7 Rxg2+ 29. Qxg2 Rxg2+ 30. Kxg2 Bxf3+ 31. Kxf3 Qxe5 32. cxb6 Qf5+ 33. Kg3
Qg5+ 34. Kf3 Qf6+ 35. Ke3 Qe5+ 36. Kf3 Qh5+ 37. Kg3 Qg6+ 38. Kf3 Qf5+ 39. Kg3 h5
40. Rc7+ Kb8 41. Rd8# 1-0

[Event "Women's Speed Chess Q1"]
[Site "chess.com INT"]
[Date "2021.05.28"]
[Round "7"]
[White "Gaponenko, Inna"]
[Black "Mahalakshmi, M"]
[Result "0-1"]
[WhiteTitle "IM"]
[BlackTitle "WIM"]
[WhiteElo "2357"]
[BlackElo "2253"]
[WhiteFideId "14101181"]
[BlackFideId "5001080"]
[EventDate "2021.05.28"]

1. e4 c6 2. d4 d5 3. exd5 cxd5 4. c4 Nf6 5. Nc3 g6 6. Qb3 Bg7 7. cxd5 O-O 8. g3
Bf5 9. Bg2 Nbd7 10. Nge2 Nb6 11. a4 Bd3 12. a5 Bc4 13. Qb4 Nfxd5 14. Bxd5 Bxd5
15. O-O Nc8 16. Nf4 Bf3 17. d5 Nd6 18. Re1 Qd7 19. Be3 g5 20. Nd3 Qh3 0-1

[Event "Women's Speed Chess Q1"]
[Site "chess.com INT"]
[Date "2021.05.28"]
[Round "7"]
[White "Hoshino, Karen"]
[Black "Komiagina, Maria"]
[Result "0-1"]
[WhiteTitle "WFM"]
[BlackTitle "WIM"]
[WhiteElo "1836"]
[BlackElo "2241"]
[WhiteFideId "2137984"]
[BlackFideId "4153987"]
[EventDate "2021.05.28"]

1. d4 Nf6 2. c4 e6 3. Nc3 Bb4 4. e3 O-O 5. Bd3 Re8 6. Ne2 b6 7. O-O Bb7 8. e4
Bxc3 9. Nxc3 d6 10. Bg5 h6 11. Bh4 e5 12. d5 Nbd7 13. f4 exf4 14. Bxf6 Qxf6 15.
Ne2 Qxb2 16. Rxf4 Ne5 17. Rb1 Qa3 18. Rb3 Qc5+ 19. Kh1 a6 20. Qf1 Re7 21. Ng3
Bc8 22. Be2 Bd7 23. Nf5 Bxf5 24. Rxf5 Qd4 25. Rf4 Rae8 26. Rg3 Ng6 27. Rxg6 fxg6
28. Bg4 Rxe4 29. Be6+ R8xe6 30. Rf8+ Kh7 31. dxe6 Rxe6 32. h3 Rf6 33. Rxf6 Qxf6
34. Qd3 Qa1+ 35. Kh2 Qxa2 36. Qd5 Qe2 37. Kg1 Qe3+ 38. Kf1 Qc5 39. Qd3 b5 40. h4
Qxc4 41. Ke2 Qxd3+ 42. Kxd3 c5 43. g4 g5 44. h5 g6 45. hxg6+ 0-1